000
00285nam a2200097Ia 4500
008
220204s9999 xx 000 0 und d
082
_a
NR:058:338.32010
_b
RUB;1
245
0
_a
Directory of Rubber goods manufacturers in India. 2010.
260
_a
Kottayam
_b
Rubber Board
_c
2010
942
_c
REF
999
_c
44376
_d
44376